00763nam a2200169 a 450000100100000000500170001000800410002704000250006808200150009324501480010826000790025630000190033559000230035471000860037795201130046399900170057600004813720201002060937.0181120s2011 dr 000 0 spa d aDO-SdBNPbspacBNPHU axxxbL773e00aLista de especies en peligro de extinción, amenazadas o protegidas de la República Dominicana /ccoordinación técnica Glória Santana. aSanto Domingo :bMinisterio de Medio Ambiente y Recursos Naturales,c2011. a44p. ;c28 cm. aInventariado, 20181 aRepública Dominicana.bMinisterio de Medio Ambiente y Recursos Naturales966969 0010718PDaPDbPDcHDd2018-11-20iLF1l0oxxx L773ep48137-10r2020-06-25w2020-06-25yLFPDZNo se presta c47625d47625